Normal view
MARC view
- Post, Vincent
Entry Personal Name
001 - CONTROL NUMBER
- control field: 26290
003 - CONTROL NUMBER IDENTIFIER
- control field: IN-BhIIT
005 - DATE AND TIME OF LATEST TRANSACTION
- control field: 20250811113946.0
008 - FIXED-LENGTH DATA ELEMENTS
- fixed length control field: 250811|| aca||aabn | a|a d
040 ## - CATALOGING SOURCE
- Original cataloging agency: IN-BhIIT
- Transcribing agency: IN-BhIIT
100 ## - HEADING--PERSONAL NAME
- Personal name: Post, Vincent
670 ## - SOURCE DATA FOUND
- Source citation: Work cat.: (IN-BhIIT)14662: Jiao, Jimmy Author 26288, Coastal hydrogeology /, 2019.